Loading...
| Science - Other | 0 | 5 | 0 | 0 | 50 | 39 | 55.60 | 2 | 4 | 7.37 | 14.29 |
| Literature - World | 0 | 5 | 0 | 0 | 50 | 61 | 94.20 | 2 | 5 | 0.00 | 0.00 |
| Science - Chemistry | 0 | 4 | 0 | 0 | 40 | 57 | 78.25 | 3 | 4 | 8.34 | 22.86 |
| Science - Physics | 0 | 4 | 0 | 0 | 40 | 29 | 58.00 | 3 | 4 | 9.00 | 17.14 |
| Social Science | 0 | 3 | 1 | 0 | 25 | 72 | 85.67 | 2 | 3 | 0.05 | 2.86 |
| Fine Arts - Other | 0 | 3 | 1 | 0 | 25 | 79 | 104.00 | 1 | 3 | 1.72 | 4.76 |
| Fine Arts - Painting and Sculpture | 0 | 2 | 0 | 0 | 20 | 71 | 74.00 | 2 | 2 | 0.00 | 0.00 |
| Mythology | 0 | 1 | 0 | 0 | 10 | 112 | 112.00 | 0 | 1 | 0.00 | 0.00 |
| Geography | 0 | 1 | 0 | 0 | 10 | 91 | 91.00 | 0 | 1 | 0.00 | 0.00 |
| Literature - European | 0 | 1 | 0 | 1 | 10 | 72 | 72.00 | 1 | 1 | 0.00 | 0.00 |
| Fine Arts - Classical Music | 0 | 1 | 0 | 0 | 10 | 101 | 101.00 | 0 | 1 | 3.94 | 10.00 |
| Philosophy | 0 | 1 | 0 | 0 | 10 | 56 | 56.00 | 0 | 1 | 4.07 | 5.71 |
| Literature - British | 0 | 1 | 1 | 0 | 5 | 112 | 112.00 | 1 | 1 | 0.00 | 0.00 |
| Literature - American | 0 | 1 | 1 | 0 | 5 | 106 | 106.00 | 1 | 1 | 0.00 | 0.00 |
| Science - Biology | 0 | 0 | 1 | 0 | -5 | 0.00 | 0 | 0 | 0.00 | 0.00 | |
| Religion | 0 | 0 | 1 | 0 | -5 | 0.00 | 0 | 0 | 2.95 | 5.36 |